00277nam a2200097Ia 4500008004100000082001200041100002200053245008500075260000900160300001000169190415s9999 xx 000 0 und d aRR.003; aRaghava Rao, D.V. 0aJatapu Kotapadu colony : Evaluation study of an agricultural colony for shifting c1975 a144p.